LEADER 01795nam0 22003851i 450 001 UON00449400 005 20231205105034.975 100 $a20150115d1979 |0itac50 ba 101 $aita 102 $aIT 105 $a|||| ||||| 200 1 $aStoria dell'astrologia$fFranz Boll, Carl Bezold, Wilhelm Gundel$gprefazione di Eugenio Garin 205 $aRoma$gBari : Laterza 210 $aXXII$d147 p.$cill. ; 18 cm 215 $aTit. orig.: Sternglaube unsterdeutung die geschichte und das wesen der astrologie / trad. di Bruno Maffi. 316 $aFondo Lucentini$5IT-UONSI F.L.0287 316 $aFondo Lucentini$5IT-UONSI F.L.0288 410 1$1001UON00065985$12001 $aUniversale Laterza$v545 500 1$3UON00449402$aSternglaube unsterdeutung die geschichte und das wesen der astrologie$928856 606 $aASTROLOGIA$3UONC004682$2FI 620 $aIT$dRoma$3UONL000004 620 $aIT$dBari$3UONL000072 676 $a131.5$cASTROLOGIA$v21 700 1$aBOLL$bFranz$3UONV062730$0162385 701 1$aBEZOLD$bCarl$3UONV022515$0610497 701 1$aGUNDEL$bWilhelm$3UONV064205$0162387 702 1$aGarin$bEugenio$3UONV007294 712 $aLaterza$3UONV276725$4650 801 $aIT$bSOL$c20250418$gRICA 912 $aUON00449400 950 $aSIBA - SISTEMA BIBLIOTECARIO DI ATENEO$dSI F.L. 0287 $eSI 12211 7 Fondo Lucentini$sBuono 950 $aSIBA - SISTEMA BIBLIOTECARIO DI ATENEO$dSI F.L. 0288 $eSI 12212 7 Fondo Lucentini$sBuono 966 $aASTRONOMIA$yASTROLOGIA$3UONC004663 996 $aSternglaube unsterdeutung die geschichte und das wesen der astrologie$928856 997 $aUNIOR LEADER 00974nam 2200253la 450 001 9910481308903321 005 20221102155451.0 035 $a(UK-CbPIL)2090354524 035 $a(CKB)5500000000085257 035 $a(EXLCZ)995500000000085257 100 $a20221102d1693 uy | 101 0 $alat 135 $aurcn||||a|bb| 200 10$aOpusculum de Hebræo conuicto. In quatuor libros diuisum. Authore P. Francisco Leytam Societatis Iesu Lusitano Casteluidensi . 210 $aRome $c[s.n.]$d1693 215 $aOnline resource ([16], 444 p., 4º) 300 $aReproduction of original in Biblioteca Nazionale Centrale di Firenze. 700 $aBellarmino$b Roberto Francesco Romolo$cSaint,$f1542-1621.$0483296 801 0$bUk-CbPIL 801 1$bUk-CbPIL 906 $aBOOK 912 $a9910481308903321 996 $aOpusculum de Hebræo conuicto. In quatuor libros diuisum. Authore P. Francisco Leytam Societatis Iesu Lusitano Casteluidensi$92010622 997 $aUNINA